| 000 | 00000nam##2200000za#4500 |
| 001 | 9.570665 |
| 003 | CaOODSP |
| 005 | 20210624182342 |
| 007 | cr ||||||||||| |
| 008 | 150406|2006||||xxc|||||o f|0| 0 eng|d |
| 022 | |a1919-5087 |
| 040 | |aCaOODSP|beng |
| 043 | |an-cn--- |
| 086 | 1 |aFs70-6/2006-007E-PDF |
| 110 | 1 |aCanada. |bDepartment of Fisheries and Oceans. |bNewfoundland and Labrador Region. |
| 245 | 10|aAssessment of division 0B-3K northern shrimp |h[electronic resource] |
| 246 | 1 |aNewfoundland and Labrador region - northern shrimp |
| 260 | |aSt. John's - Newfoundland and Labrador : |bFisheries and Oceans Canada. |cJuly 2006. |
| 300 | |a19p.|bcoloured map, graphs, illus. (some coloured), references |
| 490 | 1 |aCanadian Science Advisory Secretariat science advisory report |x1919-5087|v2006/007, Newfoundland and Labrador Region |
| 590 | |a11-15-Supp|b2011-08-22 |
| 775 | 08|tÉvaluation des stocks de crevette nordique des divisions 00B-3K |w(CaOODSP)9.601313 |
| 830 | #0|aScience advisory report (Canadian Science Advisory Secretariat)|x1919-5087|v2006/007, Newfoundland and Labrador Region|w(CaOODSP)9.506226 |
| 856 | 40|ahttp://publications.gc.ca|qPDF|s1.15 MB|uhttps://publications.gc.ca/collections/collection_2011/mpo-dfo/Fs70-6-2006-007-eng.pdf|y2006/007, Newfoundland and Labrador Region |